جامع العلوم و الحكم في شرح خمسين حديثا مع جوامع الكلم / (رقم التسجيلة. 52668)

تفاصيل مارك
000 -LEADER
fixed length control field 00540nam a22001577a 4500
005 - DATE AND TIME OF LATEST TRANSACTION
control field 20251108170936.0
008 - FIXED-LENGTH DATA ELEMENTS--GENERAL INFORMATION
fixed length control field 250721s1987 xx 000 0 ara d
082 14 - DEWEY DECIMAL CLASSIFICATION NUMBER
Classification number م/213/رجب
100 1# - MAIN ENTRY--PERSONAL NAME
Personal name إبن رجب، زين الدين أبو الفرج عبد الرحمن
245 10 - TITLE STATEMENT
Title جامع العلوم و الحكم في شرح خمسين حديثا مع جوامع الكلم /
264 1# - PRODUCTION, PUBLICATION, DISTRIBUTION, MANUFACTURE, AND COPYRIGHT NOTICE
Place of production, publication, distribution, manufacture بيروت :
Name of producer, publisher, distributor, manufacturer دار الجيل،
Date of production, publication, distribution, manufacture, or copyright notice 1987.
300 ## - PHYSICAL DESCRIPTION
Extent 494ص
650 17 - SUBJECT ADDED ENTRY--TOPICAL TERM
Topical term or geographic name as entry element الحديث الشريف
942 ## - ADDED ENTRY ELEMENTS (KOHA)
Source of classification or shelving scheme Dewey Decimal Classification
Koha item type مراجع
المقتنيات
حالة السحب حالة الفقدان مصدر التصنيف حالة التلف غير قابل للإعارة المكتبة الرئيسية المكتبة الحالية موقع الرف تاريخ التزويد الرقم المتسلسل Total Checkouts رقم الإستدعاء الباركود تاريخ آخر ظهور تاريخ الفاتورة نوع المادة (كوها)
    Dewey Decimal Classification   Not For Loan مكتبة أبو علندا العامة مكتبة أبو علندا العامة مراجع 06/07/2004 287946   م/213/رجب DUP-02_287946 28/07/2025 06/07/2004 مراجع
    Dewey Decimal Classification   Not For Loan مكتبة البراءة للأطفال مكتبة البراءة للأطفال مراجع 01/10/2013 367183   م/213/رجب PLD00281108 28/07/2025 01/10/2013 مراجع
Implemented & Customized by: BBB with SCIT (Smart Chains for Information Technology)

Powered by Koha